Movies by Helmet II Quiz Stats

Quiz Updated Apr 6, 2012

Also try: Movies by Helmet
Challenge
Share
Tweet
Score 0/24 Timer 08:00
1 Play Today
Column Movie % Correct
Column 3Toy Story
96.3%
Column 5Saving Private Ryan
91.4%
Column 1Captain America
84.8%
Column 4Harry Potter and the Half-Blood Prince
84.7%
Column 2Robocop
83%
Column 1Troy
82%
Column 2Dumb and Dumber
81.3%
Column 5Braveheart
80.1%
Column 3Tropic Thunder
78.1%
Column 3Cool Runnings
61.4%
Column 1Major League
56.6%
Column 2The Last Samurai
49.6%
Column Movie % Correct
Column 2The Hurt Locker
45.6%
Column 1Back to the Future Part II
43.8%
Column 4Starship Troopers
43.7%
Column 4Anchorman: The Legend of Ron Burgundy
36.2%
Column 5Outbreak
30.2%
Column 5Men of Honor
25.1%
Column 3Animal House
25%
Column 3Adventures in Babysitting
22.3%
Column 1The Fifth Element
22.3%
Column 2Mortal Kombat: Annihilation
22.1%
Column 2The Towering Inferno
21.8%
Column 3Rollerball
17.3%

You're not logged in!

Compare scores with friends on all Sporcle quizzes.
Sign Up with Email
OR
Log In

You Might Also Like...

Show Comments

Extras

Top Quizzes Today


Score Distribution

Your Account Isn't Verified!

In order to create a playlist on Sporcle, you need to verify the email address you used during registration. Go to your Sporcle Settings to finish the process.